000 00717nam a2200217 i 4500
001 150283
003 ES-MaACL
005 20250610171836.0
007 t|
008 071029s1945 ag a |||| | spa d
100 1 _aVaganova, A.
_9112399
245 1 4 _aLas bases de la danza clásica
_b: evolución... del ballet, ballet ruso, vocabulario técnico /
_cA. Vaganova ; [traducción directa del ruso por Miguel Ourvantzoff].
250 _a1ª ed.
260 _aBuenos Aires :
_bCenturión,
_c1945.
300 _a272 p. :
_bil. ;
_c27 cm.
650 4 _aDanza.
_9135869
650 4 _aBallet.
_9151202
700 1 _aOurvantzoff, Miguel,
_d1897-1980
_987980
852 _aES-MaACL
_jB-1767
999 _c150283
_d150283